UBT Library

Understanding health insurance / (Record no. 40889)

000 -LEADER
fixed length control field 00557nam a22002295i 4500
001 - CONTROL NUMBER
control field 20063145
005 - DATE AND TIME OF LATEST TRANSACTION
control field 20180125033345.0
008 - FIXED-LENGTH DATA ELEMENTS--GENERAL INFORMATION
fixed length control field 171013s2017 flu 000 0 eng
010 ## - LIBRARY OF CONGRESS CONTROL NUMBER
LC control number 2017957882
020 ## - INTERNATIONAL STANDARD BOOK NUMBER
International Standard Book Number 9781337554220
040 ## - CATALOGING SOURCE
Original cataloging agency DLC
Language of cataloging eng
Description conventions rda
Transcribing agency DLC
041 ## - LANGUAGE CODE
Language code of text/sound track or separate title eng
042 ## - AUTHENTICATION CODE
Authentication code pcc
080 ## - UNIVERSAL DECIMAL CLASSIFICATION NUMBER
Universal Decimal Classification number 61 mic
100 1# - Rafti
Rafti 3
101 ## - Shkurtesa
Shkurtesa shm
245 10 - TITLE STATEMENT
Title Understanding health insurance /
Statement of responsibility, etc Michelle A. Green.
263 ## - PROJECTED PUBLICATION DATE
Projected publication date 1711
906 ## - LOCAL DATA ELEMENT F, LDF (RLIN)
a 0
b ibc
c orignew
d 2
e epcn
f 20
g y-gencatlg
942 ## - ADDED ENTRY ELEMENTS (KOHA)
Source of classification or shelving scheme
Item type Books
Holdings
Withdrawn status Lost status Source of classification or shelving scheme Damaged status Not for loan Collection code Permanent location Current location Shelving location Date acquired Total Checkouts Full call number Barcode Date last seen Price effective from Koha item type
          Koleksioni i përgjithshem UBT - Lipjan UBT - Lipjan Koleksioni i përgjithshem 01/25/2018   61 mic 002-2996482 01/25/2018 01/25/2018 Books
          Koleksioni i përgjithshem UBT - Lipjan UBT - Lipjan Koleksioni i përgjithshem 01/25/2018   61 mic 002-2996512 01/25/2018 01/25/2018 Books
UBT Library © 2015-2024. All rights reserved University Education for Business and Technology